Hollow Knight Bosses by Hall of Gods descriptions - Statistics

General Stats
  • This quiz has been taken 204 times
  • The average score is 30 of 44
Answer Stats
Description Boss % Correct
Slumbering god of fertility Gruz Mother
91%
Noble sister gods of combat Mantis Lords
85%
God protector of a fading land (first encounter) Hornet Protector
81%
God protector of a fading land (second encounter) Hornet Sentinel
81%
Vicious god of territories Vengefly King
80%
Revered gods of a proud tribe Sisters of Battle
78%
Covetous god of soul Soul Master
78%
Broken shell of an empty god Broken Vessel
77%
Kindly god of bravery and honour Dung Defender
76%
Alluring god of motherhood Flukemarm
76%
Travelling god of the troupe Grimm
76%
Kindly god of bravery and honour (dream encounter) White Defender
76%
Angry god of the downtrodden False Knight
75%
Sentinel gods of the spire Watcher Knight
75%
Lost god of the Abyss Lost Kin
74%
God of nightmares Nightmare King
74%
Forgotten god of light Radiance
74%
Dreamborn god of gardens Marmu
72%
Everchanging god of the faceless Nosk
72%
Loyal brother gods of the nail Oro & Mato
72%
Haunted god of the sanctum Soul Warrior
72%
Frenzied god of mortality Soul Tyrant
71%
Gallant god of the arena God Tamer
70%
Restless god of those who band together Massive Moss Charger
69%
Lonely god of the nest Brooding Mawlek
68%
Dreamborn god of faith and betrayal Xero
67%
Dreamborn god of meditation and isolation Markoth
66%
Talented god of artists and creators Paintmaster Sheo
66%
Deceptive god assuming a protector's form Winged Nosk
66%
Dreamborn god of travellers and sages Elder Hu
65%
Lover gods of faith and devotion Oblobble
65%
Baleful god of regrets Failed Champion
64%
Dreamborn god of the beyond Gorb
64%
Dreamborn god of heroic hearts Galien
62%
Shining god of greed (first encounter) Crystal Guardian
61%
Shining god of greed (second encounter) Enraged Guardian
60%
Mighty god of nothingness Pure Vessel
60%
Dreamborn god of fear and relief No Eyes
59%
Treacherous god of anger Traitor Lord
59%
Uncanny god of knowledge Uumuu
59%
False god conjured by the lonely Grey Prince Zote
57%
Cunning god of opportunity Nailsage Sly
53%
Joyful god of protection The Collector
53%
Watchful god of duty Hive Knight
45%
No matching quizzes found
Score Distribution
Percent of People with Each Score
Percentile by Number Answered
Your Score History
You have not taken this quiz